000
00341nam a2200145Ia 4500
008
240624s9999 xx 000 0 und d
041
_a
eng
082
_a
005.758 SMI
100
_a
SMITH PATRICK
245
_a
CLIENT SERVER COMPUTING
250
_a
(2nd ed.)
260
_c
2002
_a
New Delhi
_b
Prentice-Hall
300
_a
xxv, : 354
365
_c
RS
999
_c
328
_d
328